Tribhuvan University Central Library

Lalitpur jilla Lalitpur Upa-Mahanagarpalika Vada Nam. 5 Thasikhel Tolka Kamiharuko samajik tatha arthik avastha: ek samajshastriya adhyayan (Record no. 31964)

MARC details
000 -LEADER
fixed length control field 008000000a22002770004500
082 ## - DEWEY DECIMAL CLASSIFICATION NUMBER
Classification number N305.8
Item number Dh423L
-- D
041 ## - LANGUAGE CODE
Language code of text/sound track or separate title Nep
100 ## - MAIN ENTRY--PERSONAL NAME
Personal name Dhungana, Ram Prasad
245 ## - TITLE STATEMENT
Title Lalitpur jilla Lalitpur Upa-Mahanagarpalika Vada Nam. 5 Thasikhel Tolka Kamiharuko samajik tatha arthik avastha: ek samajshastriya adhyayan
260 ## - PUBLICATION, DISTRIBUTION, ETC. (IMPRINT)
Place of publication, distribution, etc Kathmandu, Nepal
260 ## - PUBLICATION, DISTRIBUTION, ETC. (IMPRINT)
Date of publication, distribution, etc 2058 B. S.
300 ## - PHYSICAL DESCRIPTION
Extent 55p.
518 ## - DATE/TIME AND PLACE OF AN EVENT NOTE
Date/time and place of an event note 20040718
530 ## - ADDITIONAL PHYSICAL FORM AVAILABLE NOTE
Additional physical form available note Dis
502 ## - DISSERTATION NOTE
Dissertation note Dissertation
-- Degree in Sociology, Tribhuvan University
650 ## - SUBJECT ADDED ENTRY--TOPICAL TERM
Topical term or geographic name as entry element Ethnic groups
650 ## - SUBJECT ADDED ENTRY--TOPICAL TERM
Topical term or geographic name as entry element Social conditions
650 ## - SUBJECT ADDED ENTRY--TOPICAL TERM
Topical term or geographic name as entry element Economic conditions
650 ## - SUBJECT ADDED ENTRY--TOPICAL TERM
Topical term or geographic name as entry element Religions
650 ## - SUBJECT ADDED ENTRY--TOPICAL TERM
Topical term or geographic name as entry element Culture
651 ## - SUBJECT ADDED ENTRY--GEOGRAPHIC NAME
Geographic name Nepal
651 ## - SUBJECT ADDED ENTRY--GEOGRAPHIC NAME
Geographic name Lalitpur district
651 ## - SUBJECT ADDED ENTRY--GEOGRAPHIC NAME
Geographic name Lalitpur Sub-Metropolitan City
650 ## - SUBJECT ADDED ENTRY--TOPICAL TERM
Topical term or geographic name as entry element Kami caste
942 ## - ADDED ENTRY ELEMENTS (KOHA)
Koha item type General Collections
Holdings
Withdrawn status Lost status Damaged status Not for loan Home library Current library Date acquired Total Checkouts Barcode Date last seen Price effective from
        Tribhuvan University Central Library Tribhuvan University Central Library 06/20/2010   D8584 06/20/2010 06/20/2010